[Event "26th Klatovy B 2018"]
[Site "Klatovy CZE"]
[Date "2018.07.03"]
[Round "4.56"]
[White "Filip, Petr 1952"]
[Black "Souralova, Jana"]
[Result "1-0"]
[WhiteElo "1354"]
[BlackElo "1100"]
[PlyCount "75"]
[EventDate "2018.06.30"]
[EventType "swiss"]
[EventRounds "9"]
[EventCountry "CZE"]

1. c4 e5 2. Nc3 Nf6 3. e3 Bc5 4. d4 exd4 5. exd4 Bb4 6. Bd2 O-O 7. Bd3 Nc6 8. Nge2 d6 9. a3 Bxc3 10. Bxc3 Bg4 11. O-O Re8 12. Re1 Qd7 13. Qc2 Rad8 14. Ng3 Rxe1+ 15. Rxe1 Re8 16. Ne4 Nxe4 17. Bxe4 a6 18. Bxh7+ Kh8 19. Be4 b5 20. b3 bxc4 21. bxc4 a5 22. Qa4 Nb8 23. Qxa5 Nc6 24. Qg5 Kg8 25. Qh4 g6 26. f3 Bf5 27. Bxc6 Qxc6 28. Rc1 Qxc4 29. g4 Bb1 30. f4 c5 31. Re1 Rxe1+ 32. Bxe1 Qxd4+ 33. Qf2 Qd3 34. Qb2 c4 35. Qc1 d5 36. f5 gxf5 37. Qg5+ Kf8 38. Bb4+ 1-0

[Event "26th Klatovy B 2018"]
[Site "Klatovy CZE"]
[Date "2018.07.03"]
[Round "4.57"]
[White "Lhotsky, Zdenek 1966"]
[Black "Berkovec, Josef"]
[Result "0-1"]
[WhiteElo "1305"]
[BlackElo "1000"]
[PlyCount "56"]
[EventDate "2018.06.30"]
[EventType "swiss"]
[EventRounds "9"]
[EventCountry "CZE"]

1. e4 c5 2. Nf3 d6 3. c4 Nf6 4. Nc3 g6 5. d4 cxd4 6. Nxd4 Bg7 7. f3 Nc6 8. Be2 O-O 9. Be3 Bd7 10. Qd2 Re8 11. Nxc6 bxc6 12. Bh6 Bh8 13. O-O Qc7 14. Rac1 Rab8 15. b3 Qa5 16. Rfd1 Red8 17. Qe1 Ne8 18. Bf4 Bg7 19. Na4 Qxe1+ 20. Rxe1 c5 21. Be3 Bxa4 22. bxa4 Rb2 23. a3 Rdb8 24. f4 Ra2 25. e5 Rxa3 26. exd6 exd6 27. Bg4 f5 28. Bf3 Rxe3 0-1

[Event "26th Klatovy B 2018"]
[Site "Klatovy CZE"]
[Date "2018.07.03"]
[Round "4.58"]
[White "Bukvaj, Martin"]
[Black "Krejbich, Lukas"]
[Result "0-1"]
[WhiteElo "1123"]
[BlackElo "1299"]
[PlyCount "104"]
[EventDate "2018.06.30"]
[EventType "swiss"]
[EventRounds "9"]
[EventCountry "CZE"]

1. e4 e5 2. Nf3 Nc6 3. Bc4 Bc5 4. c3 a6 5. d4 Bd6 6. Ng5 Nh6 7. O-O O-O 8. Nf3 Qf6 9. Bg5 Qg6 10. Qd2 Kh8 11. Bxh6 Qxh6 12. Qxh6 gxh6 13. dxe5 Bxe5 14. Nxe5 Nxe5 15. Nd2 b5 16. Be2 d6 17. f4 Ng4 18. Bxg4 Bxg4 19. Rae1 Rg8 20. Rf2 h5 21. Kf1 Rg7 22. h3 Bd7 23. f5 f6 24. Nf3 Re8 25. Nd2 c5 26. a3 Reg8 27. b4 c4 28. Ke2 Re7 29. Kd1 Be8 30. Nf3 Ra7 31. Ke2 a5 32. Ra1 Bf7 33. Nd4 axb4 34. Nc6 Rxa3 35. Rxa3 bxa3 36. Ke3 Re8 37. Kf3 d5 38. exd5 Bxd5+ 39. Kg3 Bxc6 40. Rc2 Ra8 41. Ra2 Bd5 42. Kh4 Bf7 43. Kg3 b4 44. cxb4 c3 45. b5 Bxa2 46. Kf4 c2 47. b6 c1=Q+ 48. Kg3 Rg8+ 49. Kf2 Qc5+ 50. Kf1 Qxb6 51. Ke1 Rxg2 52. Kd1 Qg1# 0-1

[Event "26th Klatovy B 2018"]
[Site "Klatovy CZE"]
[Date "2018.07.03"]
[Round "4.59"]
[White "Stastny, Simon"]
[Black "Veverkova, Dorota"]
[Result "1-0"]
[WhiteElo "1092"]
[BlackElo "1277"]
[PlyCount "125"]
[EventDate "2018.06.30"]
[EventType "swiss"]
[EventRounds "9"]
[EventCountry "CZE"]

1. e4 e5 2. Nf3 Nc6 3. d4 exd4 4. Nxd4 Bc5 5. Be3 Qf6 6. c3 Nge7 7. Bc4 O-O 8. O-O d6 9. Nxc6 Nxc6 10. Bxc5 dxc5 11. Na3 Qg6 12. Bd5 Ne5 13. f4 Bh3 14. Qe2 Bg4 15. Qe3 Nd7 16. f5 Qf6 17. h3 Ne5 18. Nc4 Bh5 19. Nxe5 Qxe5 20. g4 Bxg4 21. hxg4 c6 22. Bb3 Rfe8 23. Bc2 Rad8 24. Qf4 Qe7 25. f6 gxf6 26. Qxf6 Qxf6 27. Rxf6 Rd2 28. Rf2 Red8 29. Rxd2 Rxd2 30. Rc1 Kg7 31. Kf1 Kg6 32. Ke1 Rh2 33. b4 cxb4 34. cxb4 Kg5 35. Bb3 f6 36. Rc2 Rxc2 37. Bxc2 Kxg4 38. e5 fxe5 39. Bxh7 Kf3 40. Kd2 e4 41. a4 e3+ 42. Ke1 b6 43. Bd3 a5 44. bxa5 bxa5 45. Kd1 e2+ 46. Bxe2+ Ke3 47. Bb5 c5 48. Kc2 Kd4 49. Kb3 c4+ 50. Bxc4 Kc5 51. Bb5 Kd4 52. Kc2 Kc5 53. Kc3 Kd5 54. Kd3 Kc5 55. Ke4 Kb4 56. Kd5 Kc3 57. Kc6 Kb3 58. Kb6 Kb4 59. Be8 Kc4 60. Kxa5 Kc5 61. Ka6 Kd6 62. Kb7 Kc5 63. a5 1-0

[Event "26th Klatovy B 2018"]
[Site "Klatovy CZE"]
[Date "2018.07.03"]
[Round "4.60"]
[White "Skopkova, Marcela"]
[Black "Nova, Michaela 1970"]
[Result "0-1"]
[WhiteElo "1245"]
[BlackElo "1000"]
[PlyCount "75"]
[EventDate "2018.06.30"]
[EventType "swiss"]
[EventRounds "9"]
[EventCountry "CZE"]

1. d4 d5 2. Nf3 Nf6 3. e3 Bf5 4. c4 c6 5. c5 e6 6. Nc3 Be7 7. b4 O-O 8. a4 Ng4 9. Bd3 Bh4 10. g3 Bf6 11. Qc2 Qd7 12. h3 Nh6 13. g4 g6 14. Bxf5 exf5 15. g5 Bg7 16. gxh6 Bxh6 17. Bd2 Re8 18. O-O-O Na6 19. Qb3 Re6 20. b5 cxb5 21. axb5 Nc7 22. h4 a6 23. b6 Nb5 24. Qxd5 Qe7 25. Rdg1 Qe8 26. Qxf5 Nxc3 27. Bxc3 a5 28. Qc2 a4 29. Ng5 Rf6 30. h5 a3 31. Kb1 Kf8 32. Nxh7+ Kg7 33. Nxf6 Kxf6 34. d5+ Ke7 35. Qe4+ Kd8 36. Qxe8+ Kxe8 37. hxg6 fxg6 38. Rxh6 0-1

[Event "26th Klatovy B 2018"]
[Site "Klatovy CZE"]
[Date "2018.07.03"]
[Round "4.61"]
[White "Cinkova, Lenka"]
[Black "Studenovsky, Jaroslav"]
[Result "0-1"]
[WhiteElo "1000"]
[BlackElo "1233"]
[PlyCount "86"]
[EventDate "2018.06.30"]
[EventType "swiss"]
[EventRounds "9"]
[EventCountry "CZE"]

1. d4 d5 2. c4 e6 3. cxd5 exd5 4. Nc3 Nf6 5. Bg5 Bb4 6. Nf3 Nc6 7. e3 Bg4 8. Be2 Qd6 9. Bf4 Qd7 10. h3 Bh5 11. O-O Bxc3 12. bxc3 O-O 13. Qc2 Ne4 14. Rfe1 Rfe8 15. Ng5 Bxe2 16. Nxe4 dxe4 17. Qxe2 Ne7 18. f3 Ng6 19. fxe4 Rxe4 20. Qf2 Rae8 21. Rab1 c6 22. Rbd1 Qe6 23. Rf1 Nxf4 24. exf4 Re2 25. Rde1 Rxf2 26. Rxe6 Rxf1+ 27. Kxf1 Rxe6 28. Kf2 Kf8 29. Kf3 Ke7 30. g4 Kd6 31. c4 b5 32. f5 Re1 33. cxb5 cxb5 34. h4 Kd5 35. Kf4 Re4+ 36. Kg5 Kxd4 37. h5 a5 38. f6 gxf6+ 39. Kh6 Rxg4 40. Kxh7 Rg2 41. a3 b4 42. axb4 axb4 43. h6 Rg6 0-1

[Event "26th Klatovy B 2018"]
[Site "Klatovy CZE"]
[Date "2018.07.03"]
[Round "4.62"]
[White "Vavrinkova, Anna"]
[Black "Skalicky, Jindrich"]
[Result "1-0"]
[WhiteElo "1463"]
[BlackElo "1225"]
[PlyCount "91"]
[EventDate "2018.06.30"]
[EventType "swiss"]
[EventRounds "9"]
[EventCountry "CZE"]

1. e4 c5 2. Nf3 e6 3. c3 d5 4. exd5 exd5 5. Bb5+ Bd7 6. Bxd7+ Qxd7 7. d4 Qe6+ 8. Be3 b6 9. O-O Qd6 10. Re1 Ne7 11. Ne5 f6 12. Qh5+ g6 13. Nxg6 Bh6 14. Nxh8+ Kd7 15. Bxh6 Nbc6 16. Nf7 Qc7 17. dxc5 Rg8 18. Qe2 Ne5 19. Nxe5+ fxe5 20. Qxe5 Qxc5 21. Qxe7+ Qxe7 22. Rxe7+ Kxe7 23. Nd2 Rg6 24. Re1+ Kf7 25. Bf4 b5 26. h3 a6 27. Re5 Rf6 28. Bg3 Kg6 29. Rxd5 Re6 30. Rd6 Kf5 31. Rxe6 Kxe6 32. Nb3 Kd5 33. f4 Ke4 34. Nc5+ Kd5 35. Nxa6 Kc4 36. f5 h5 37. f6 h4 38. Bxh4 b4 39. f7 bxc3 40. bxc3 Kb5 41. f8=Q Ka5 42. Qb4+ Kxa6 43. c4 Ka7 44. c5 Ka8 45. c6 Ka7 46. Qb7# 1-0

[Event "26th Klatovy B 2018"]
[Site "Klatovy CZE"]
[Date "2018.07.03"]
[Round "4.63"]
[White "Souralova, Venuse"]
[Black "Barta, David"]
[Result "1-0"]
[WhiteElo "1453"]
[BlackElo "1176"]
[PlyCount "27"]
[EventDate "2018.06.30"]
[EventType "swiss"]
[EventRounds "9"]
[EventCountry "CZE"]

1. c4 e5 2. Nc3 f5 3. d3 Nc6 4. e3 Nf6 5. Be2 d6 6. Nf3 Be7 7. O-O Be6 8. a3 O-O 9. b4 Qe8 10. Qd2 d5 11. b5 Na5 12. Nxe5 dxc4 13. dxc4 Bd6 14. f4 1-0

[Event "26th Klatovy B 2018"]
[Site "Klatovy CZE"]
[Date "2018.07.03"]
[Round "4.64"]
[White "Kadlec, Rudolf"]
[Black "Malik, Zdenek"]
[Result "1/2-1/2"]
[WhiteElo "1420"]
[BlackElo "1607"]
[PlyCount "84"]
[EventDate "2018.06.30"]
[EventType "swiss"]
[EventRounds "9"]
[EventCountry "CZE"]

1. e4 c5 2. d4 cxd4 3. Nf3 Nc6 4. Bc4 Nf6 5. e5 Nxe5 6. Qxd4 Nxc4 7. Qxc4 d5 8. Qd4 e6 9. Bg5 Be7 10. O-O O-O 11. c3 b6 12. b4 Ba6 13. Re1 Rc8 14. Nbd2 h6 15. Bf4 Bd6 16. Be5 Bxe5 17. Nxe5 Nh7 18. a4 f6 19. Nef3 e5 20. Qe3 Ng5 21. a5 Bb7 22. Nxg5 hxg5 23. axb6 axb6 24. b5 Qc7 25. Ra7 Ra8 26. Rea1 Rfc8 27. h3 Rxa7 28. Rxa7 Ra8 29. Rxa8+ Bxa8 30. Nb1 Bb7 31. Qf3 Bc8 32. Qxd5+ Kh8 33. Qc6 Qd8 34. Na3 Bd7 35. Qd6 Qc8 36. c4 Be6 37. Qc6 Qg8 38. Qxb6 Bxc4 39. Qc6 Bd5 40. Qd7 Be6 41. Qd1 Qc8 42. Qd6 Qc1+ 1/2-1/2

[Event "26th Klatovy B 2018"]
[Site "Klatovy CZE"]
[Date "2018.07.03"]
[Round "4.65"]
[White "Vojir, Vaclav 2005"]
[Black "Celovsky, Jan"]
[Result "0-1"]
[WhiteElo "1225"]
[BlackElo "1397"]
[PlyCount "62"]
[EventDate "2018.06.30"]
[EventType "swiss"]
[EventRounds "9"]
[EventCountry "CZE"]

1. e4 e5 2. Nf3 Nc6 3. Bc4 Nf6 4. Nc3 Bc5 5. d3 h6 6. Be3 Bb6 7. d4 exd4 8. Nxd4 Nxd4 9. Bxd4 d6 10. O-O O-O 11. h3 Be6 12. Bb3 Re8 13. Re1 Qd7 14. Bxb6 axb6 15. f4 Qc6 16. e5 dxe5 17. fxe5 Nd7 18. Qh5 Bxb3 19. cxb3 Qc5+ 20. Kh1 Nxe5 21. Na4 Qa5 22. Re2 Nd3 23. Qxa5 bxa5 24. Rd2 Rad8 25. Kg1 b5 26. Nc3 b4 27. Na4 Rd6 28. Rad1 Red8 29. Kf1 Kf8 30. Ke2 Nf4+ 31. Ke1 Nxg2+ 0-1

[Event "26th Klatovy B 2018"]
[Site "Klatovy CZE"]
[Date "2018.07.03"]
[Round "4.66"]
[White "Lang, Simon"]
[Black "Vesely, Jan"]
[Result "1-0"]
[WhiteElo "1381"]
[BlackElo "1112"]
[PlyCount "107"]
[EventDate "2018.06.30"]
[EventType "swiss"]
[EventRounds "9"]
[EventCountry "CZE"]

1. e4 e5 2. Nf3 Nc6 3. Bc4 Bc5 4. Nc3 Nf6 5. d3 d6 6. Bg5 Bg4 7. h3 Bh5 8. g4 Bg6 9. Nd5 Bb4+ 10. c3 Bc5 11. Qd2 Na5 12. O-O-O Nxc4 13. dxc4 Bxe4 14. Bxf6 gxf6 15. Qe2 Bxd5 16. Rxd5 c6 17. Rd3 Qe7 18. Nh4 O-O-O 19. Rhd1 Qe6 20. Qe4 Bxf2 21. Nf5 Bc5 22. b4 Bb6 23. Rxd6 Rxd6 24. Rxd6 Qe8 25. Rxf6 Bc7 26. Nh6 Qe7 27. Qf5+ Kb8 28. Rxf7 Qh4 29. g5 Qe1+ 30. Kb2 Qd2+ 31. Kb3 Qd1+ 32. Qc2 Qxc2+ 33. Kxc2 Bd8 34. h4 e4 35. Kd2 Re8 36. Rxh7 e3+ 37. Ke2 Bc7 38. g6 Be5 39. g7 Rd8 40. g8=Q Rxg8 41. Nxg8 Bxc3 42. b5 cxb5 43. cxb5 Bd4 44. a4 a6 45. bxa6 bxa6 46. h5 a5 47. h6 Kc8 48. Rf7 Kd8 49. Nf6 Bxf6 50. Rxf6 Kc7 51. h7 Kd7 52. h8=Q Ke7 53. Qg7+ Ke8 54. Rf8# 1-0

[Event "26th Klatovy B 2018"]
[Site "Klatovy CZE"]
[Date "2018.07.03"]
[Round "4.67"]
[White "Berkovec, Jakub"]
[Black "Cervenka, Jakub"]
[Result "0-1"]
[WhiteElo "1000"]
[BlackElo "1300"]
[PlyCount "52"]
[EventDate "2018.06.30"]
[EventType "swiss"]
[EventRounds "9"]
[EventCountry "CZE"]

1. e4 d5 2. exd5 Qxd5 3. Nc3 Qa5 4. d4 c6 5. Bd2 Bf5 6. Ne4 Qd8 7. Nc3 Qxd4 8. Nf3 Qf6 9. Rc1 e6 10. Qe2 Nd7 11. Bg5 Qg6 12. Nd4 Qxg5 13. Rd1 Bb4 14. Nxf5 Qxf5 15. a3 Bxc3+ 16. bxc3 Qe5 17. Qxe5 Nxe5 18. Rb1 O-O-O 19. Bd3 Nxd3+ 20. cxd3 Rxd3 21. O-O Rxc3 22. a4 Nf6 23. Rb2 Rd8 24. Rfb1 b6 25. Rb3 Rxb3 26. Rxb3 Rd1# 0-1

[Event "26th Klatovy B 2018"]
[Site "Klatovy CZE"]
[Date "2018.07.03"]
[Round "4.68"]
[White "Roubal, Matyas"]
[Black "Kalista, Frantisek"]
[Result "0-1"]
[WhiteElo "1100"]
[BlackElo "1360"]
[PlyCount "112"]
[EventDate "2018.06.30"]
[EventType "swiss"]
[EventRounds "9"]
[EventCountry "CZE"]

1. e4 c6 2. e5 d5 3. Nf3 e6 4. d3 Nd7 5. Bg5 Be7 6. Bf4 f6 7. Nc3 b5 8. Be2 Bb4 9. Qd2 Qb6 10. a3 Bxc3 11. Qxc3 Ne7 12. O-O O-O 13. Be3 c5 14. b4 d4 15. bxc5 dxc3 16. cxb6 Nxb6 17. exf6 gxf6 18. Bc5 Re8 19. Bd4 Nbd5 20. Ne1 e5 21. Bc5 Bb7 22. Bh5 Ng6 23. Bf3 Rec8 24. Be3 a6 25. Bg5 fxg5 26. g3 Rab8 27. Ng2 Nf6 28. Be2 Bxg2 29. Kxg2 Kg7 30. Bf3 g4 31. Be4 Nxe4 32. dxe4 Rd8 33. f4 Rd2+ 34. Kg1 Rxc2 35. f5 Rf8 36. fxg6 Rxf1+ 37. Kxf1 Rxh2 38. gxh7 Kxh7 39. Rc1 Rh1+ 40. Ke2 Rxc1 41. Kd3 Ra1 42. Kxc3 Rxa3+ 43. Kb4 Rxg3 44. Ka5 Re3 45. Kxa6 Rxe4 46. Kxb5 g3 47. Kc5 g2 48. Kd5 Re1 49. Ke6 g1=Q 50. Kd5 Qg2+ 51. Ke6 e4 52. Kd5 Qd2+ 53. Ke5 e3 54. Ke4 e2 55. Kf3 Rf1+ 56. Ke4 e1=Q# 0-1

[Event "26th Klatovy B 2018"]
[Site "Klatovy CZE"]
[Date "2018.07.03"]
[Round "4.69"]
[White "Bastyr, Pavel"]
[Black "Skrivan, Matej 2008"]
[Result "1-0"]
[WhiteElo "1469"]
[BlackElo "1056"]
[PlyCount "87"]
[EventDate "2018.06.30"]
[EventType "swiss"]
[EventRounds "9"]
[EventCountry "CZE"]

1. Nf3 d5 2. d4 e5 3. Nxe5 Bb4+ 4. c3 Bd6 5. Nf3 Bg4 6. Nbd2 Nf6 7. h3 Bxf3 8. Nxf3 Nc6 9. Bg5 O-O 10. e3 Nxd4 11. Nxd4 c5 12. Nf5 d4 13. Nxd6 Qxd6 14. Bd3 Qd5 15. O-O Nh5 16. Qxh5 h6 17. exd4 c4 18. Bxc4 Qxc4 19. Be3 Qd3 20. Rfd1 Qe4 21. b3 Rad8 22. c4 Rd6 23. Qg4 Qc2 24. Rd2 Qc3 25. Rad1 Rg6 26. Qe4 Qa5 27. Qxb7 Qg5 28. Bxg5 Rxg5 29. Qxa7 Rh5 30. d5 Re5 31. Qd4 Ree8 32. Rd3 Kh8 33. Rg3 Rg8 34. d6 f6 35. d7 Rd8 36. c5 h5 37. c6 f5 38. c7 Ra8 39. d8=Q Raxd8 40. cxd8=Q Rxd8 41. Qxd8+ Kh7 42. Qg5 g6 43. Qxg6+ Kh8 44. Qg7# 1-0

[Event "26th Klatovy B 2018"]
[Site "Klatovy CZE"]
[Date "2018.07.03"]
[Round "4.70"]
[White "Zimmermann, Ladislav"]
[Black "Nova, Anezka"]
[Result "1-0"]
[WhiteElo "1300"]
[BlackElo "1033"]
[PlyCount "79"]
[EventDate "2018.06.30"]
[EventType "swiss"]
[EventRounds "9"]
[EventCountry "CZE"]

1. e4 e5 2. Nf3 Nc6 3. d4 f6 4. d5 Nb4 5. a3 Na6 6. Bxa6 bxa6 7. O-O Bc5 8. b4 Bd6 9. Be3 Be7 10. c4 d6 11. Qa4+ Bd7 12. Qxa6 Qb8 13. c5 dxc5 14. Bxc5 Bxc5 15. bxc5 Bb5 16. Qe6+ Ne7 17. Re1 Bd7 18. Qa6 Bc8 19. Qa4+ Bd7 20. c6 Bc8 21. Nc3 Qb2 22. Nb5 Kd8 23. Rab1 Qa2 24. Ra1 Qb2 25. Reb1 Qe2 26. Nc3 Qd3 27. Rb3 Qc2 28. Rb4 Qxa4 29. Nxa4 Ng6 30. g3 Ba6 31. Nc5 Be2 32. Kg2 Kc8 33. Ng1 Bg4 34. h3 Bh5 35. Nf3 Bxf3+ 36. Kxf3 Rb8 37. Rab1 Ra8 38. Ne6 Rg8 39. Rb7 Nf8 40. Rxc7# 1-0

[Event "26th Klatovy B 2018"]
[Site "Klatovy CZE"]
[Date "2018.07.03"]
[Round "4.71"]
[White "Bukvaj, Jan"]
[Black "Cinkova, Vicky"]
[Result "0-1"]
[WhiteElo "1051"]
[BlackElo "1133"]
[PlyCount "88"]
[EventDate "2018.06.30"]
[EventType "swiss"]
[EventRounds "9"]
[EventCountry "CZE"]

1. e4 d5 2. exd5 Qxd5 3. Nc3 Qa5 4. Nf3 Nf6 5. d3 c6 6. Be3 Bg4 7. Be2 e6 8. Bd2 Nbd7 9. Nd5 Qxd5 10. c4 Qd6 11. O-O O-O-O 12. Qa4 a6 13. Qd1 Bxf3 14. Bxf3 Qxd3 15. Be2 Qd6 16. Ba5 b6 17. Qxd6 Bxd6 18. Bc3 Be5 19. Bxe5 Nxe5 20. c5 b5 21. Rfd1 Nfd7 22. b4 Nf6 23. Rxd8+ Rxd8 24. a3 h5 25. a4 Rd4 26. axb5 axb5 27. Ra8+ Kd7 28. Ra7+ Ke8 29. g3 Rxb4 30. f4 Rb1+ 31. Kf2 Neg4+ 32. Bxg4 Nxg4+ 33. Kg2 Rb2+ 34. Kg1 Rc2 35. Ra8+ Ke7 36. Ra7+ Kf6 37. h3 Ne3 38. Ra3 Rg2+ 39. Kh1 Rxg3 40. Ra2 Rxh3+ 41. Kg1 Nd5 42. Kf2 Rh2+ 43. Kf3 Rxa2 44. Ke4 h4 0-1

[Event "26th Klatovy B 2018"]
[Site "Klatovy CZE"]
[Date "2018.07.03"]
[Round "4.72"]
[White "Skutil, Frantisek Elias"]
[Black "Merinsky, Stanislav"]
[Result "1-0"]
[WhiteElo "1100"]
[BlackElo "1000"]
[PlyCount "35"]
[EventDate "2018.06.30"]
[EventType "swiss"]
[EventRounds "9"]
[EventCountry "CZE"]

1. e4 e5 2. Nf3 Nc6 3. d4 d6 4. dxe5 dxe5 5. Nc3 Nf6 6. Bg5 Bb4 7. Bb5 Bd7 8. O-O O-O 9. Nd5 a6 10. Ba4 b5 11. Bb3 Qc8 12. Bxf6 gxf6 13. Nxf6+ Kg7 14. Qc1 Ne7 15. Qg5+ Ng6 16. Nh5+ Kg8 17. Qh6 Be7 18. Qg7# 1-0

[Event "26th Klatovy B 2018"]
[Site "Klatovy CZE"]
[Date "2018.07.03"]
[Round "4.73"]
[White "Souralova, Alena"]
[Black "Zeman, Jiri 2004"]
[Result "0-1"]
[WhiteElo "1000"]
[BlackElo "1093"]
[PlyCount "44"]
[EventDate "2018.06.30"]
[EventType "swiss"]
[EventRounds "9"]
[EventCountry "CZE"]

1. e4 e5 2. Nf3 Nc6 3. Bb5 Nf6 4. Nc3 Bb4 5. O-O Bxc3 6. dxc3 Nxe4 7. Bxc6 bxc6 8. Nxe5 Qe7 9. Bf4 O-O 10. h3 c5 11. Nd3 d6 12. Qc1 c4 13. Bg5 Nxg5 14. Qf4 cxd3 15. cxd3 Bb7 16. Rae1 Qd8 17. Qe3 Re8 18. Qd2 Rxe1 19. Rxe1 Ne6 20. Rf1 Qd7 21. Qc2 Qc6 22. Qd2 Qxg2# 0-1

[Event "26th Klatovy B 2018"]
[Site "Klatovy CZE"]
[Date "2018.07.04"]
[Round "5.1"]
[White "Kastner, Jan"]
[Black "Danko, Jiri"]
[Result "1-0"]
[WhiteElo "1930"]
[BlackElo "1954"]
[PlyCount "57"]
[EventDate "2018.06.30"]
[EventType "swiss"]
[EventRounds "9"]
[EventCountry "CZE"]

1. d4 Nf6 2. Nf3 g6 3. Bf4 d5 4. e3 c6 5. Bd3 Bg7 6. Nbd2 Nh5 7. Bg5 h6 8. Bh4 Bf6 9. Bxf6 Nxf6 10. Ne5 Nbd7 11. f4 O-O 12. O-O e6 13. Qf3 Qe8 14. Qh3 Kg7 15. g4 Nh7 16. Ndf3 f5 17. Kh1 Nxe5 18. Nxe5 Nf6 19. Rg1 fxg4 20. Qh4 Bd7 21. Bxg6 Qd8 22. Bd3 Rg8 23. Nxg4 Nxg4 24. Rxg4+ Kf7 25. Qh5+ Ke7 26. Rag1 Rxg4 27. Rxg4 Qf8 28. Qe5 Re8 29. Rg7+ 1-0

[Event "26th Klatovy B 2018"]
[Site "Klatovy CZE"]
[Date "2018.07.04"]
[Round "5.2"]
[White "Masek, Jan"]
[Black "Kanka, Matej 2000"]
[Result "1/2-1/2"]
[WhiteElo "1948"]
[BlackElo "1905"]
[PlyCount "63"]
[EventDate "2018.06.30"]
[EventType "swiss"]
[EventRounds "9"]
[EventCountry "CZE"]

1. e4 e5 2. Nf3 Nc6 3. Bb5 Nf6 4. O-O Nxe4 5. d4 Be7 6. Re1 Nd6 7. Ba4 exd4 8. Qe2 b5 9. Bb3 O-O 10. Nxd4 Nxd4 11. Qxe7 Qxe7 12. Rxe7 Ne6 13. g4 Rd8 14. Bxe6 fxe6 15. Bg5 Bb7 16. f4 h6 17. Bh4 g5 18. fxg5 Nc8 19. Rg7+ Kxg7 20. gxh6+ Kxh6 21. Bxd8 c5 22. Nc3 a6 23. Rf1 Nd6 24. Be7 Ne4 25. Nxe4 Bxe4 26. Bxc5 Bxc2 27. Rf7 Kg5 28. h3 d5 29. Bd4 Rc8 30. Be5 Be4 31. Rf2 Rc1+ 32. Rf1 1/2-1/2

[Event "26th Klatovy B 2018"]
[Site "Klatovy CZE"]
[Date "2018.07.04"]
[Round "5.3"]
[White "Novotny, Jaromir"]
[Black "Novotny, David"]
[Result "1/2-1/2"]
[WhiteElo "1780"]
[BlackElo "1715"]
[PlyCount "32"]
[EventDate "2018.06.30"]
[EventType "swiss"]
[EventRounds "9"]
[EventCountry "CZE"]

1. e4 e6 2. d4 d5 3. exd5 exd5 4. Bd3 Bd6 5. Nf3 Bg4 6. h3 Bh5 7. Be3 Ne7 8. Nbd2 f5 9. Bg5 O-O 10. O-O Nbc6 11. c3 Qd7 12. Bxe7 Qxe7 13. Qb3 Kh8 14. Qxb7 Qf6 15. Kh1 Ne7 16. Qb3 g5 1/2-1/2

[Event "26th Klatovy B 2018"]
[Site "Klatovy CZE"]
[Date "2018.07.04"]
[Round "5.4"]
[White "Finek, Vaclav"]
[Black "Hosnedl, Matyas"]
[Result "1-0"]
[WhiteElo "1763"]
[BlackElo "1697"]
[PlyCount "55"]
[EventDate "2018.06.30"]
[EventType "swiss"]
[EventRounds "9"]
[EventCountry "CZE"]

1. e4 e5 2. Nf3 Nc6 3. Bc4 Bc5 4. c3 Nf6 5. d4 exd4 6. cxd4 Bb4+ 7. Bd2 Bxd2+ 8. Nbxd2 d5 9. exd5 Nxd5 10. O-O O-O 11. Rc1 Bg4 12. h3 Bxf3 13. Nxf3 Nce7 14. Re1 Qd6 15. Qd2 Rae8 16. Re4 Nb6 17. Bb3 Ned5 18. Rce1 Qd7 19. Ne5 Qf5 20. Bc2 Qc8 21. Rh4 Nf6 22. Qg5 Nbd5 23. Rc1 Re7 24. Bf5 Qd8 25. Rd1 Qd6 26. Rd3 Kh8 27. Rg3 Rg8 28. Bg6 1-0

[Event "26th Klatovy B 2018"]
[Site "Klatovy CZE"]
[Date "2018.07.04"]
[Round "5.5"]
[White "Schille, Hannes"]
[Black "Kovar, Petr2"]
[Result "1/2-1/2"]
[WhiteElo "1750"]
[BlackElo "1944"]
[PlyCount "41"]
[EventDate "2018.06.30"]
[EventType "swiss"]
[EventRounds "9"]
[EventCountry "CZE"]

1. d4 c5 2. e3 b6 3. Nf3 Bb7 4. c3 e6 5. Nbd2 Nf6 6. Bd3 d6 7. O-O Nbd7 8. Qc2 Rc8 9. Re1 Be7 10. e4 cxd4 11. Nxd4 O-O 12. N4b3 Ne5 13. Bf1 Qc7 14. a4 d5 15. exd5 Nxd5 16. Nd4 Nf4 17. Ne4 Ng4 18. g3 Ng6 19. Bg2 Rfd8 20. Qe2 N4e5 21. h4 1/2-1/2

[Event "26th Klatovy B 2018"]
[Site "Klatovy CZE"]
[Date "2018.07.04"]
[Round "5.6"]
[White "Nagy, Ladislav"]
[Black "Zidu, Jan"]
[Result "0-1"]
[WhiteElo "1740"]
[BlackElo "1913"]
[PlyCount "74"]
[EventDate "2018.06.30"]
[EventType "swiss"]
[EventRounds "9"]
[EventCountry "CZE"]

1. Nf3 d5 2. g3 c5 3. Bg2 Nc6 4. d4 Nf6 5. O-O cxd4 6. Nxd4 e5 7. Nf3 Bc5 8. c3 h6 9. b3 O-O 10. Bb2 Be6 11. b4 Bd6 12. a3 Qc7 13. Nbd2 b5 14. a4 a6 15. axb5 axb5 16. e3 e4 17. Nd4 Nxd4 18. exd4 Nd7 19. Qe2 Qc6 20. f3 f5 21. Bh3 Nb6 22. fxe4 dxe4 23. Rxa8 Nxa8 24. Ra1 Nc7 25. Qe1 Bd5 26. Nf1 f4 27. gxf4 Bxf4 28. Bc1 Qg6+ 29. Ng3 h5 30. Bg2 h4 31. Bxe4 hxg3 32. Bxf4 gxh2+ 33. Kxh2 Qh5+ 34. Kg1 Rxf4 35. Bxd5+ Qxd5 36. Qg3 Qf5 37. Rf1 Rxf1+ 0-1

[Event "26th Klatovy B 2018"]
[Site "Klatovy CZE"]
[Date "2018.07.04"]
[Round "5.8"]
[White "Gerigk, Daniel"]
[Black "Mejzr, Jan"]
[Result "0-1"]
[WhiteElo "1690"]
[BlackElo "1897"]
[PlyCount "62"]
[EventDate "2018.06.30"]
[EventType "swiss"]
[EventRounds "9"]
[EventCountry "CZE"]

1. e4 d6 2. d4 Nf6 3. Nc3 g6 4. Bd3 Bg7 5. Nge2 O-O 6. Bg5 Nbd7 7. Qd2 Re8 8. f4 c6 9. O-O-O b5 10. e5 b4 11. exf6 bxc3 12. Qxc3 exf6 13. Qxc6 Rb8 14. Bh4 Bb7 15. Qxd6 Bf8 16. Bxf6 Bxd6 17. Bxd8 Rbxd8 18. Rhg1 Nf6 19. g4 Bf3 20. Rde1 Bxe2 21. Rxe2 Rxe2 22. Bxe2 Bxf4+ 23. Kd1 Rxd4+ 24. Bd3 Bxh2 25. Rg2 Nxg4 26. Ke2 Be5 27. c3 Rf4 28. a3 h5 29. Kd2 h4 30. b4 h3 31. Rg1 Nf2 0-1

[Event "26th Klatovy B 2018"]
[Site "Klatovy CZE"]
[Date "2018.07.04"]
[Round "5.9"]
[White "Hartmann, Andreas 1969"]
[Black "Kuta, Miroslav"]
[Result "1-0"]
[WhiteElo "1847"]
[BlackElo "1725"]
[PlyCount "53"]
[EventDate "2018.06.30"]
[EventType "swiss"]
[EventRounds "9"]
[EventCountry "CZE"]

1. c4 Nf6 2. g3 e6 3. Bg2 d5 4. cxd5 Nxd5 5. Nf3 Be7 6. O-O O-O 7. Nc3 c5 8. d4 Nxc3 9. bxc3 Nc6 10. Rb1 Qc7 11. e4 Rd8 12. Be3 b6 13. Qc2 Bb7 14. Rfd1 cxd4 15. cxd4 Rac8 16. Rbc1 Rd7 17. d5 Nb4 18. Qxc7 Rdxc7 19. Rxc7 Rxc7 20. d6 Rd7 21. e5 Bd8 22. Nd4 Bxg2 23. Kxg2 g5 24. Rc1 Nd3 25. Rc8 Nxe5 26. Bxg5 Rxd6 27. Bxd8 1-0

[Event "26th Klatovy B 2018"]
[Site "Klatovy CZE"]
[Date "2018.07.04"]
[Round "5.10"]
[White "Sedlak, Jakub"]
[Black "Rezac, Jindrich"]
[Result "0-1"]
[WhiteElo "1500"]
[BlackElo "1806"]
[PlyCount "70"]
[EventDate "2018.06.30"]
[EventType "swiss"]
[EventRounds "9"]
[EventCountry "CZE"]

1. e4 c5 2. Nf3 Nc6 3. Bb5 g6 4. Bxc6 bxc6 5. O-O Bg7 6. d4 cxd4 7. Nxd4 Qb6 8. Nb3 Nf6 9. Nc3 d6 10. Be3 Qc7 11. h3 O-O 12. Qd2 Ba6 13. Rfe1 Rad8 14. Bh6 e5 15. Bxg7 Kxg7 16. Qg5 h6 17. Qe3 Rfe8 18. Rad1 Bc4 19. f4 d5 20. fxe5 Rxe5 21. Qd4 Bxb3 22. axb3 Rde8 23. Ra1 Qb6 24. Qxb6 axb6 25. Ra6 Rb8 26. Ra4 dxe4 27. Kf2 b5 28. Ra6 c5 29. Ra5 b4 30. Na4 Rc8 31. c3 Rf5+ 32. Ke2 e3 33. g4 Rf2+ 34. Kxe3 Rh2 35. Rxc5 Re8+ 0-1